| 000 | 01166cam a22002891i 4500 | ||
|---|---|---|---|
| 003 | SA-RiAUC | ||
| 005 | 20250728050347.0 | ||
| 008 | 250727s2001 le g 00010 ara c | ||
| 020 | _a9959290085 | ||
| 020 | _a9959290086 | ||
| 040 |
_aSA-JeALM _bara _cSA-RiAUC _erda |
||
| 082 | 0 | 4 |
_a953 _qSA-RiAUC |
| 090 |
_a953 _bش ن ق |
||
| 100 | 1 |
_aشنقارو، عواطف العربي _eمؤلف. |
|
| 245 | 1 | 0 |
_aفتنة السلطة : _bالصراع ودوره في نشأة بعض غلاة الفرق الإسلامية من القرن الأول إلى القرن الرابع الهجري / _cعواطف العربي شنقارو. |
| 250 | _aالطبعة الثانية. | ||
| 264 | 1 |
_aبيروت : _bدار الكتاب الجديد المتحدة، _c2001. |
|
| 300 |
_a397 صفحة ؛ _c24 سم |
||
| 336 |
_aنص _btxt _2rdacontent _3كتاب |
||
| 337 |
_aبدون وسيط _bn _2rdamedia |
||
| 338 |
_aمجلد _bnc _2rdacarrier |
||
| 650 | 7 |
_aالخلافة _2aucsh |
|
| 650 | 7 |
_aالتاريخ الإسلامي _2aucsh |
|
| 650 | 7 |
_aالفرق الإسلامية _xتاريخ _2aucsh |
|
| 942 |
_2ddc _cBOOK _n0 |
||
| 949 |
_aSA-JeALM _d250727 _uosman123 _n1 |
||
| 999 |
_c10360 _d10360 |
||